| 000 | 01593nam a22003015a 4500 | ||
|---|---|---|---|
| 003 | EG-ScBUE | ||
| 005 | 20221204121450.0 | ||
| 008 | 180428s1993 ua a f b 000 0 ara d | ||
| 040 |
_aEG-ScBUE _bara _erda _cEG-ScBUE _dEG-ScBUE |
||
| 043 | _ama----- | ||
| 082 | 0 | 4 |
_a331.1109174927 _bس ي ا _222 |
| 111 | 2 |
_aندوة سياسات التشغيل في البلدان العربية _d(10 - 12 مايو 1993 : _cالقاهرة) _eمؤلف. |
|
| 245 | 1 | 0 |
_aسياسات التشغيل في البلدان العربية / _cمنظمة العمل العربية، البرنامج الإنمائي للأمم المتحدة. |
| 264 | 1 |
_aالقاهرة : _bمنظمة العمل العربية، مكتب العمل العربي، _c1993. |
|
| 300 |
_a2 مجلد : _bإيضاحيات ؛ _c24 سم |
||
| 504 | _aيشتمل على إرجاعات ببليوجرافية. | ||
| 505 | 2 | _aالمجلد الأول. الدراسات الأساسية -- المجلد الثاني. الأوراق القطرية. | |
| 541 |
_aأ. محمد فريد خميس ؛ _cإهداء ؛ |
||
| 650 | 7 |
_aالعمل والعمال _zالبلاد العربية. _2BUEsh |
|
| 650 | 7 |
_aالقوى العاملة _zالبلاد العربية. _2BUEsh |
|
| 651 | _2BUEsh | ||
| 653 |
_bBUSBOL _bGGEN _cApril2018 |
||
| 655 | _vReading book | ||
| 710 | 2 |
_aمنظمة العمل العربية. _bمكتب العمل العربي، _eمؤلف. |
|
| 710 | 2 |
_aمنظمة العمل الدولية. _bمكتب العمل الدولي. |
|
| 710 | 2 | _aبرنامج الأمم المتحدة الإنمائي. | |
| 942 | _2ddc | ||
| 999 |
_c26602 _d26574 |
||